The Right to manage (Prescribed Particulars and Forms) (England) Regulations 2010 (Record no. 110572)
[ view plain ]
| 000 -LEADER | |
|---|---|
| fixed length control field | 01351cad a22002655a 4500 |
| 001 - CONTROL NUMBER | |
| control field | L149643 |
| 008 - FIXED-LENGTH DATA ELEMENTS--GENERAL INFORMATION | |
| fixed length control field | 100330e20100317xxk f lf000 0 eng d |
| 035 ## - SYSTEM CONTROL NUMBER | |
| System control number | (Sirsi) u149643 |
| 041 0# - LANGUAGE CODE | |
| Language code of text/sound track or separate title | eng |
| 050 04 - LIBRARY OF CONGRESS CALL NUMBER | |
| Classification number | 306.1 $2 18 |
| 110 2# - MAIN ENTRY--CORPORATE NAME | |
| Corporate name or jurisdiction name as entry element | United Kingdom |
| Form subheading | Laws, etc. |
| 9 (RLIN) | 5044 |
| 245 04 - TITLE STATEMENT | |
| Title | The Right to manage (Prescribed Particulars and Forms) (England) Regulations 2010 |
| Medium | (electronic resource) |
| 260 ## - PUBLICATION, DISTRIBUTION, ETC. | |
| Place of publication, distribution, etc. | London |
| Name of publisher, distributor, etc. | OPSI |
| Date of publication, distribution, etc. | 2010 |
| 490 #0 - SERIES STATEMENT | |
| Series statement | SI |
| Volume/sequential designation | 2010: 825 |
| 520 ## - SUMMARY, ETC. | |
| Summary, etc. | Prescribes the forms of Notice Inviting Participation and a Notice of Claim which Right to Manage (RTM) companies must serve. Supplements Commonhold and Leasehold Reform Act 2002 Part 2 Chapter 1 relating to the procedure for setting up RTM companies. Revokes Right to Management (Prescribed Particulars and Forms) (England) Regulations 2003. Comes into force on 19 April 2010. |
| 521 ## - TARGET AUDIENCE NOTE | |
| Target audience note | Advanced |
| 590 ## - LOCAL NOTE (RLIN) | |
| Local note | KA NTK |
| 650 24 - SUBJECT ADDED ENTRY--TOPICAL TERM | |
| Topical term or geographic name entry element | RIGHT TO MANAGE (PRESCRIBED PARTICULARS AND FORMS) (ENGLAND) REGULATIONS 2010 |
| 650 24 - SUBJECT ADDED ENTRY--TOPICAL TERM | |
| Topical term or geographic name entry element | RIGHT TO MANAGE (PRESCRIBED PARTICULARS AND FORMS) (ENGLAND) REGULATIONS 2003 |
| 650 24 - SUBJECT ADDED ENTRY--TOPICAL TERM | |
| Topical term or geographic name entry element | COMMONHOLD AND LEASEHOLD REFORM ACT 2002 |
| 651 #4 - SUBJECT ADDED ENTRY--GEOGRAPHIC NAME | |
| Geographic name | England and Wales |
| Chronological subdivision | 1543- |
| 690 ## - LOCAL SUBJECT ADDED ENTRY--TOPICAL TERM (OCLC, RLIN) | |
| Topical term or geographic name as entry element | Block management |
| 9 (RLIN) | 6220 |
| 856 40 - ELECTRONIC LOCATION AND ACCESS | |
| Uniform Resource Identifier | <a href="https://www.opsi.gov.uk/si/si2010/uksi_20100825_en_1">https://www.opsi.gov.uk/si/si2010/uksi_20100825_en_1</a> |
| Public note | View the item free of charge at www.opsi.gov.uk |
| 942 ## - ADDED ENTRY ELEMENTS (KOHA) | |
| Suppress in OPAC | 0 |
| Withdrawn status | Lost status | Source of classification or shelving scheme | Damaged status | Not for loan | Home library | Current library | Shelving location | Date acquired | Total Checkouts | Full call number | Barcode | Date last seen | Copy number | Price effective from | Koha item type |
|---|---|---|---|---|---|---|---|---|---|---|---|---|---|---|---|
| Dewey Decimal Classification | Virtual | Virtual | Online | 30/03/2010 | ONLINE PUBLICATION | 149643-2001 | 06/08/2019 | 1 | 06/08/2019 | Book |